000
00348nam a2200157Ia 4500
008
230605s2007 xx 000 0 und d
041
_a
eng
100
_a
Domine
245
_a
Culinaria France
260
_b
Konemann Pub Bonner
_c
2007
300
_a
468
365
_b
1107
_h
18
500
_a
1855
520
_a
Reference Copy
650
_a
F. P.
999
_c
418845
_d
418845